BIBLIOTECA

SENCICO

Notas : Excavaciones en condiciones complejas (Registro nro. 1072)

Detalles MARC
000 -LEADER
fixed length control field 00704nam a2200265Ia 4500
005 - DATE AND TIME OF LATEST TRANSACTION
control field 20251020182458.0
008 - FIXED-LENGTH DATA ELEMENTS--GENERAL INFORMATION
fixed length control field 200515s9999 xx 000 0 und d
020 ## - INTERNATIONAL STANDARD BOOK NUMBER
International Standard Book Number 958-96027-6-2
082 ## - DEWEY DECIMAL CLASSIFICATION NUMBER
Classification number 624.133/M83
100 ## - MAIN ENTRY--PERSONAL NAME
Personal name Gómez Agudelo, Gustavo Adolfo
100 ## - MAIN ENTRY--PERSONAL NAME
Personal name Moya Barrios, Julio Eduardo
100 ## - MAIN ENTRY--PERSONAL NAME
Personal name Salazar Ferro, Francisco
100 ## - MAIN ENTRY--PERSONAL NAME
Personal name Salazar Ferro, Ricardo
245 #0 - TITLE STATEMENT
Title Notas : Excavaciones en condiciones complejas
250 ## - EDITION STATEMENT
Edition statement 5a ed.
260 ## - PUBLICATION, DISTRIBUTION, ETC.
Place of publication, distribution, etc. Bogotá, D.C.
260 ## - PUBLICATION, DISTRIBUTION, ETC.
Name of publisher, distributor, etc. Escuela Colombiana de Ingeniería
260 ## - PUBLICATION, DISTRIBUTION, ETC.
Date of publication, distribution, etc. 2005
300 ## - PHYSICAL DESCRIPTION
Extent 170 p.
300 ## - PHYSICAL DESCRIPTION
Other physical details il., tbl., graf.
500 ## - GENERAL NOTE
General note 1 ejemplar
650 ## - SUBJECT ADDED ENTRY--TOPICAL TERM
Topical term or geographic name entry element EXCAVACIONES
942 ## - ADDED ENTRY ELEMENTS (KOHA)
Koha item type Libros
Existencias
Fecha de la última vez que lo usaron Pago total Signatura topográfica completa Código de barras Precio efectivo desde Tipo de documento Estado perdido Estado dañado No es para préstamo Retirado Ubicación permanente Ubicación actual Fecha de adquisición
15/05/2020   624.133/M83 Bib-Lima15051072 15/05/2020 Libros         Biblioteca Central Lima Biblioteca Central Lima 15/05/2020